000 00214nam a22000857a 4500
008 160921b xxu||||| |||| 00| 0 eng d
100 _9691
_aCBSE
245 _aAPC Digest Hindi
260 _aNew Delhi
_bAPC publication
_c2011
999 _c3348
_d3348